000 00270nam a2200121 a 4500
008 100914s2008|||| d
245 1 0 _aVĂ­nna pivnica
100 1 _aGordon, Noah
260 _bIkar
_aBratislava
_c2008
020 _c279
044 _axo
_cSK
041 _aslo
999 _c10326
_d10326